000 01817nam a2200229Ia 4500
003 Ost
005 20260507075052.0
008 260507s9999||||xx |||||||||||||| ||und||
040 _cfsecg
041 _aara
082 _a657.46
100 _aنور، أحمد محمد
_eمؤلف
245 0 _aفي مبادئ المحاسبة المالية /
_c أحمد محمد نور
260 _aالاسكندرية:
_bالدار الجامعية,
_c2000
300 _a416 صفحة؛
_bإيضاحات ؛
_c24 سم
520 _aاستكمال دور المحاسبة واعداد القوائم المالية في المنشآت التجارية والصناعية: استكمال دور المحاسبة واعداد القوائم في المنشآت التجارية، استكمال دور المحاسبة واعداد القوائم في المنشآت الصناعية في الميزانية العمومية، تصميم النظام المحاسبي وطرق المحاسبة: تصميم النظام المحاسبي المتكامل واليوميات والدفاتر المساعدة والحسابات الاجمالية، الطرق المحاسبية في تصحيح أخطاء المحاسبة وكيفية معالجتها، المشاكل المحاسبية المتعلقة بعناصر الأصول والخصوم والافصاح عنها في القوائم المالية: المحاسبة عند الأصول قصيرة الأجل، المحاسبة عند الأصول طويلة الأجل، المحاسبة عند الالتزامات وحقوق الملكية
653 _aالمالية العامة
653 _aالمحاسبة التحليلية
653 _aالميزانية
700 _aعثمان، الاميرة ابراهيم
_eمؤلف ثانوي
942 _cكتاب
999 _c42667
_d42667